000 00580nam a2200205Ia 4500
005 20250508163708.0
008 008 250505s9999 xx 000 0 hin d
020 _a81-7016-292-0
037 _aTextual
040 _aFEDL
_beng
_cFEDL
041 _ahin
_2eng
084 _a323, MIN
_qFEDL
100 _aMeenakshi Swamy
_9776017
245 0 _aBharat mein sanvedhanik samvaidhanik samanvay aur vyaavaharik vighatan
260 _aDelhi, India
_bKitabghar
_c1995
300 _a136p.
365 _aINR
_b80
942 _cTEXL
_h323, MIN
999 _c1384753
_d1384753